A-Z: animals & plants ending in T - Statistics

General Stats
  • This quiz has been taken 22 times
  • The average score is 14 of 26
Answer Stats
Initial letter Clue Organism's name ending in T % Correct
C Popular pet Cat
100%
E The world's heaviest land animal Elephant
100%
R Rodent associated with the plague Rat
100%
H Large type of wasp Hornet
94%
T Common freshwater fish which often ends up on the dinner plate Trout
94%
L The term for grasshoppers when they swarm in large flocks Locust
89%
W Chunky marsupial from Australia Wombat
89%
F Weasel-like mustelid sometimes kept as a pet Ferret
83%
V Blood-sucking airborne mammal Vampire bat
83%
I Class of invertebrates with over a million species Insect
72%
M Cute mammal of southern Africa; they appoint one member of the group as a sentry to stand guard Meerkat
72%
J North American hare Jackrabbit
67%
Q The reproducing female in a colony of sociable insects Queen ant
50%
Y Common wasp in Britain, named after an item of clothing Yellowjacket
50%
K Two-word American rodent which is not actually either of the animals which it is named after Kangaroo rat
39%
S Another mustelid, which can change its coat from brown to white in winter Stoat
39%
P Colourful game bird which has been introduced to Europe from Asia Pheasant
33%
B Pretty, yellow-breasted, British garden bird which is fond of nut feeders Blue tit
28%
G Type of viverrid, a mammal resembling cats or lemurs, found in Africa, Arabia and south-west Europe Genet
17%
N Marsupial which resembles a chipmunk Numbat
17%
A A Nigerian moving abroad could be given the same title as this butterfly African migrant
11%
D Species of nocturnal flying mammal found across Eurasia Daubenton's bat
11%
X Breed of farm animal from western China Xinjiang goat
11%
Z Another autocratic-sounding South American bird whose name could be suggested by the clues "walking frame" and "hot whisky" Zimmer's tody-tyrant
6%
O Large rodent of the mountains of Washington state Olympic marmot
0%
U Small Peruvian bird with no linear markings on it, and a dictatorial name Unstreaked tit-tyrant
0%
No matching quizzes found
Score Distribution
Percent of People with Each Score
Percentile by Number Answered
Your Score History
You have not taken this quiz